00703cam a22002531 4500001001300000003000400013005001700017008004100034010001700075035002000092040001800112042001200130050001600142100004500158245003000203260001000233300002200243500001500265650003800280700003400318740002800352830005200380999001700432sa 66004913 DLC20260227112245.0881028s1966 xx 000 0 hino  asa 66004913  a(OCoLC)23574175 aDLCcMiUdDLC apremarc00aPK875b.K342 aKāmarāja Dīkṣita,dfl 1680-1720.10aKāvyenduprakāśaḥ. c1966. a14, 72 p.c23 cm. aRomanized. 0aSanskrit languagexVersification.1 aŚukla, Bābūlāla.eed.0 aKāvyendu prakāśa. 0aCaukhambā-Saṃskr̥ta-granthamālā.v100. c69672d69672